000
00210nam a22000857a 4500
008
170626b xxu||||| |||| 00| 0 eng d
100
_9
3688
_a
Ahuja. B. N
245
_a
Dictionary of Syno and Anto
260
_a
New delhi
999
_c
7105
_d
7105